000 01861nam a22002537a 4500
003 CUTN
005 20250610160517.0
008 250610b |||||||| |||| 00| 0 eng d
020 _a9788180943782
041 _aEnglish
082 _223
_a330.95
_bVEL
100 _aVelappan D
245 _aEconomic History of Tamil Nadu: 200 B.C. — 2000 A.D /
_cD. Velappan
260 _aChennai:
_bMJP,
_c2023.
300 _a165P. :
_bILL, ;
_c‎ 5.5 x 0.47 x 8.5 inches.
520 _aHistory is the branch of knowledge that deals systematically with the recording, analyzing and correlating of past events. The intrinsic quality of history is given by John.F.Kennedy, the U.S. president 1961-63, in the following words: “History is a relentless master: it has no present, only the past rushing into the future”.1 ‘Rushing’ lets loose the equilibrating forces and, in that way the past impact the present. As such, knowledge of the past is essential to gain knowledge of the present and also to plan for the future. It is in this context that Economic History as a distinct branch of knowledge has developed in the nineteenth century.The most characteristic feature of the English Classical school was the use of abstract reasoning - deductive method. For instance, Adam Smith was chiefly guided by the universal principle- that of self-interest. “It is not from the benevolence of the butcher, brewer or the baker that we expect our dinner, but from their regard to their own interest”.2 The value of such deductive reasoning depends upon the exactness and validity of the assumption; if the assumptions go wrong, the theories become defective.
650 _aEconomic history
650 _aTamil Nadu
650 _aSouth India
650 _aAncient economy
650 _aColonial economy
700 _aC.A Sham shankar
942 _2ddc
_cBOOKS
999 _c44691
_d44691